• 首页
  • 本馆介绍
  • 公告通知
  • 最新文献
  • 馆藏检索
  • 电子资源
  • 读者导购
  • 参考咨询
  • 我的图书馆
  • 登录
  • 详细信息显示
  • 放入我的书架
  • 预约/预借图书
  • 作者相关作品
  • 分类相关作品
  • 丛书相关作品
  • 出版社相关作品

书目信息

  • 表格格式
  • 工作单格式
  • 卡片格式
题名:
会计规范处理手册
    
 
作者: 金艳虹 主编
分册:  
出版信息: 北京   机械工业出版社  2012.7
页数: 12,231页
开本: 24cm
丛书名:
单 册:
中图分类: F233.2
科图分类:
主题词: 会计制度--基本知识--中国 , 会计制度
电子资源:
ISBN: 978-7-111-39146-3
000 00989nam0 22002531 450
001 524
005 20140908164236.35
010    @a978-7-111-39146-3@dCNY42.00
100    @a20120920d2012 em y0chiy50 ea
101 0  @achi
102    @aCN@b110000
105    @ay z 000yy
106    @ar
200 1  @a会计规范处理手册@AHui Ji Gui Fan Chu Li Shou Ce@e新入职的会计人员不可不知的会计知识@EXin Ru Zhi De Hui Ji Ren Yuan Bu Ke Bu Zhi De Hui Ji Zhi Shi@f金艳虹主编@FJin Yan Hong Zhu Bian
210    @a北京@c机械工业出版社@d2012.7
215    @a12,231页@d24cm
330    @a本书体现了会计信息系统的构成及其信息处理方式与过程,通过“会计科目”的方式对生产经营信息进行处理。
517 1  @a新入职的会计人员不可不知的会计知识@AXin Ru Zhi De Hui Ji Ren Yuan Bu Ke Bu Zhi De Hui Ji Zhi Shi
606 0  @a会计制度@x基本知识@y中国
606 0  @a会计制度
690    @aF233.2@v5
701  0 @a金艳虹@AJin Yan Hong@g(财务)@4主编
801  0 @aCN@bTANGWEI@c20140603
905    @b0837234-36@dF233.2@e461@f3
    
    会计规范处理手册:新入职的会计人员不可不知的会计知识/金艳虹主编.-北京:机械工业出版社,2012.7
    12,231页;24cm
    
    
    ISBN 978-7-111-39146-3:CNY42.00
    本书体现了会计信息系统的构成及其信息处理方式与过程,通过“会计科目”的方式对生产经营信息进行处理。
●
相关链接 在E读中查询图书 在五车中查询图书 在当当中查询图书 在豆瓣中查询图书


正题名:会计规范处理手册     索取号:F233.2/461         预约/预借

序号 登录号 条形码 馆藏地/架位号 状态 备注
1 0837234   208372349   第一样本阅览室/ [索取号:F233.2/461] 在馆    
2 0837235   208372358   密集书库-海洋学院/ [索取号:F233.2/461] 在馆    
3 0837236   208372367   第一借阅区/ [索取号:F233.2/461] 在馆    
唐山师范学院图书馆 欢迎您!
大连网信软件有限公司© 版权所有